Statystyki dla Czy znasz daty I wojny światowej?

Kliknij tutaj aby rozwiązać quiz!

Ogólne statystyki

  • Ten quiz został rozwiązany 15 razy
  • Średni wynik to 7 z 10

Statystyki odpowiedzi

DataOdpowiedź% Poprawnych
Początek wojnylipiec 1914
100%
Rozejm bożonarodzeniowygrudzień 1914
89%
Koniec wojnylistopad 1918
89%
Pierwsze użycie gazów bojowych na masową skalękwiecień 1915
78%
Bitwa nad Sommąlipiec 1916
78%
Bitwa nad Piawączerwiec 1918
56%
Dołączenie USA do konfliktukwiecień 1917
44%
Nowy sposób wystrzeliwania gazów bojowychlipiec 1917
44%
Zmiana w dowództwie niemieckimsierpień 1916
44%
Natarcie brytyjskie na Looswrzesień 1915
33%

Rozkład punktacji

Percentyl według liczby udzielonych odpowiedzi

Procent ludzi z każdym wynikiem

Twoja historia wyników

Nie rozwiązałeś tego quizu